LEADER 01352nam 2200301z- 450 001 9910689480503321 005 20161209100205.0 035 $a(CKB)5860000000032753 035 $a(BIP)021772884 035 $a(EXLCZ)995860000000032753 100 $a20220406c1999uuuu -u- - 101 0 $aeng 200 10$aResults of security inspections at the Department of Energy's Lawrence Livermore National Laboratory $ehearing before the Subcommittee on Oversight and Investigations of the Committee on Commerce, House of Representatives, One Hundred Sixth Congress, first session, July 20, 1999 215 $a1 online resource (iii, 22 p.) 311 $a0-16-064411-9 517 $aResults of Security Inspections at the Department of Energy's Lawrence Livermore National Laboratory 606 $aNuclear energy$xResearch$xLaboratories$xSecurity measures$zUnited States 606 $aNuclear weapons information$zUnited States 610 $aNuclear energy 610 $aNuclear weapons 610 $aTechnology & engineering 610 $aHistory 615 0$aNuclear energy$xResearch$xLaboratories$xSecurity measures 615 0$aNuclear weapons information 906 $aBOOK 912 $a9910689480503321 996 $aResults of security inspections at the Department of Energy's Lawrence Livermore National Laboratory$93128602 997 $aUNINA LEADER 01159nas 2200409 c 450 001 9910132516903321 005 20260218111354.0 035 $a(CKB)3580000000000449 035 $a(DE-599)ZDB2837309-1 035 $a(DE-101)1077651910 035 $a(NjHacI)993580000000000449 035 $a(DE-599)2837309-1 035 $a(EXLCZ)993580000000000449 100 $a20151016a20129999 |y | 101 0 $aita 135 $aur||||||||||| 181 $ctxt$2rdacontent 182 $cc$2rdamedia 183 $acr$2rdacarrier 200 00$aAlpexpress$ela rivista di Alptransit San Gottardo SA ; Ticino 210 31$a[Luzern]$cAlptransit San Gottardo SA$d2012- 215 $aOnline-Ressource 300 $aGesehen am 16.10.15 517 $aAlpexpress. Ticino 517 $aAlp express - Ticino 517 $aAlpTransit in Ticino 606 $aTunnels$xDesign and construction 608 $aZeitschrift.$2gnd-content 615 0$aTunnels$xDesign and construction. 676 $a620 801 0$b0355 801 1$bDE-101 801 2$b9999 906 $aJOURNAL 912 $a9910132516903321 996 $aAlpexpress$92217640 997 $aUNINA